00723 2200241 4500001002100000005001700021008004100038035002400079082001100103090001800114100001900132245008600151250001100237260004100248300003000289500007000319650002000389700002200409850001600431980001300447985000600460999001500466YOGYA-0209000001744020090227022746.0 ind  0010-020900000017440 a621.38 a621.38bWee M aWEEMS, David B aMerancang &menguji sistem speakercDavid B. Weems ; alih bahasa, Ignatius Hartono aCet. 3 aJakartabElex Media Komputindoc1991 avii, 178 hlmbilusc21 cm aJudul asli : Designing, building &testing your own speaker system aAudio - Speaker aHartono, Ignatius aYOPDYOG (B) a30-01-06 a1 a93P0040334